01515 a2200181 45000010006000000050017000060080041000230030015000640400040000790800088001192450090002070200018002972640043003153000019003585050820003771000026011978560110012232543220260407155538.0260407a2002 arg spa dAR-UNSa-BCEJYS aAR-UNSa-BCEJYSbspacAR-UNSa-BCEJYS a657.05xContabilidad de gestión (Contabilidad gerencial, control de gestión...)10aContabilidad y gestiónpun enfoque sistémico de la información para la acción a950-537-569-7 1aBuenos Aires :bEdiciones Macchic2002 a216 p.c22 cm. aParte I: Los conceptos básicos de la contabilidad gerencial: 1. Palabras iniciales - 2. Primeras definiciones - 3. Breve esquema histórico - 4. Contabilidad, contabilidad patrimonial y contabilidad gerencial - 5. Los modelos de la empresa, de la contabilidad y de sus dos ramas - 6. La contabilidad gerencial como actitud profesional - 7. La evolución de las ideas a trvés de algunas citas bibliográficas - 8. Hacia un decálogo de la gestión y de la contabilidad que le sirve - Parte II: Los instrumentos del control de gestión : 9. El enfoque sistémico del control de gestión - 10. Teoría de las restricciones(theory of Constrainsts, TOC)- 11. El enfoque ABC - 12. Creación y medición del valor en las organizaciones - 13. Los activos inmateriales - 14. El tablero de comando balanceado.1 aHerrscher, Enrique G.41uhttps://biblioeco.unsa.edu.ar/pmb/images/libros/Contabilidad y Gestion.jpgyImagen de portadaqimage/jpeg